Princ Paris a záhada Rastynovej jaskyne

Bibliographic Details
Main Author: Dóorová, J. G. (Author)
Other Authors: Raudis, Oľga (Illustrator)
Format: Book
Language:Slovak
PhysicalDescription:230 s. fareb. ilustr. 21 cm
Published: Hurbanovo Rechtoris 2006
ISBN:8096925636
Edition:[1. vyd.]
Subjects:

MARC

LEADER 00000cam a2200000 a 4500
001 vtls008932493
003 SK-MaSNL
005 20260302042608.0
008 240313s2006 xo a j 000 f slo
015 |a SNBA2007/05-01999 
020 |a 8096925636  |q (viaz.) 
035 |a A3CB5EEA-649E-4FB0-987C-5CBC0B3806CA 
035 |a urn:nbn:sk:snk-amlf66 
035 |a urn:nbn:sk:snk-am008y07 
040 |a SNK  |b slo  |c SNK  |e AACR2 
041 1 |a slo 
044 |a xo  |c SK 
072 7 |a 821.162.4-3  |x Slovenská próza  |2 konspekt 
072 7 |a 821-93  |x Literatúra pre deti a mládež  |2 konspekt 
080 |a 821-93  |2 2001 
080 |a 821.162.4-34  |2 2001 
100 1 |a Dóorová, J. G.  |4 aut  |9 310865 
245 1 0 |a Princ Paris a záhada Rastynovej jaskyne  |c J. G. Dóorová ; [ilustrácie Oľga Raudis] 
250 |a [1. vyd.] 
260 |a Hurbanovo  |b Rechtoris  |c 2006 
300 |a 230 s.  |b fareb. ilustr.  |c 21 cm 
655 7 |a slovenské rozprávky  |2 SNKPH  |9 70528 
655 7 |a publikácie pre deti  |2 SNKPH  |9 70148 
700 1 |a Raudis, Oľga  |4 ill  |9 695676 
919 |a 80-969256-3-6 
999 |c 1083385  |d 1085315 
952 |a SNK  |b SNK  |y PREZ  |7 0  |p 17A0544252  |o snkSC 127205  |i snk2007/7501  |8 0  |0 0  |1 0  |4 0  |d 2007-03-16  |f 1  |l 0  |r 2025-06-16 00:00:00  |w 2026-02-24 
952 |a SNK  |b SNK  |y VYP  |7 0  |p 17A0544251  |o snkSC 127205 D1  |i snk2007/7502  |8 0  |0 0  |1 0  |4 0  |d 2007-03-16  |l 0  |r 2026-02-24 16:31:56  |w 2026-02-24